000 00763nam a22002177a 4500
003 OSt
005 20250829074416.0
008 250829b |||||||| |||| 00| 0 eng d
020 _a9780838912324
040 _aDWCL-Main lib
_cOC
082 _aRes. 011.02 G885 2014
100 _a Jo Bell Whitlatch
245 _aGuide to reference :
_bessential general reference and library science sources
_c Jo Bell Whitlatch
260 _a Chicago :
_bAmerican Library Association,
_cc2014.
300 _a xiii, 230 pages ;
_c 25 cm.
504 _aIncludes bibliographical references
650 _a1. Reference books--Bibliography.
650 _a 2. Reference sources--Bibliography
650 _a3. Reference services (Libraries).
942 _2ddc
_cBK-0 CIRC
_kRes.
_n0
999 _c4358
_d4358